000 00671cam a2200229 4500
001 J723
008 090401t1992 xxu||||| |||| 00| 0 eng d
035 _a(Sirsi) u76445
041 _aeng
050 _a690
110 _aBuilding Research Establishment
245 _aSurveying brick or blockwork freestanding walls.
260 _aGarston, Watford
_bBuilding Research Establishment
_c1992
300 _a6p. : ill. ; 30cm.
350 _a0
490 _aGood Building Guide
_v13
650 _aMASONRY
650 _aBUILT ENVIRONMENT-BUILDING SURVEYING-STRUCTURAL SURVEYING
690 _aBUILT ENVIRONMENT-BUILDING INSPECTION
942 _n0
948 _c04/03/1997
999 _c96177
_d96177